Stations de la ligne G du bus de Bordeaux - Statistiques

Statistiques générales
  • Ce quiz a été pris 16 fois
  • Le résultat moyen est 13 sur 55
Statistiques - réponses
Commune Arrêt % Correct
Bordeaux Capucins
100%
Bordeaux Gare Saint-Jean (Trams C, D et F)
100%
Bordeaux Victoire (Tram B)
100%
Bordeaux MECA
80%
Bordeaux Barrière Saint-Médard (Bus H)
60%
Bordeaux Gambetta (Mériadeck)
60%
Bordeaux Grand-Lebrun
60%
Bordeaux Lycée Camille Jullian
60%
Bordeaux Palais de Justice (Trams A et F)
60%
Bordeaux Saint-Seurin
60%
Bordeaux Lycée Gustave Eiffel
40%
Bordeaux MECA (Paludate)
40%
Bordeaux Parc Bordelais (Vers St-Médard/St-Aubin uniquemement)
40%
Bordeaux Bourse du Travail
20%
Bordeaux Caillou
20%
Bordeaux Caudéran Centre
20%
Saint-Médard-en-Jalles Château de Gajac
20%
Le Haillan Collège Émile Zola
20%
Saint-Médard-en-Jalles Collège Hastignan
20%
Bordeaux Croix Blanche
20%
Bordeaux École Normale (Vers Bordeaux uniquement)
20%
Saint-Aubin de Médoc Église de Saint-Aubin
20%
Saint-Médard-en-Jalles Église de Saint-Médard
20%
Saint-Médard-en-Jalles Espace Aquatique
20%
Saint-Médard-en-Jalles EuroMédoc
20%
Saint-Médard-en-Jalles Hastignan Bourg
20%
Saint-Médard-en-Jalles Issac
20%
Saint-Aubin de Médoc Lycée Sud Médoc
20%
Saint-Médard-en-Jalles Mairie de Saint-Médard
20%
Saint-Médard-en-Jalles République
20%
Bordeaux Seiglière
20%
Bordeaux Stade Stéhélin
20%
Saint-Médard-en-Jalles Victor Hugo
20%
Saint-Aubin de Médoc Villepreux
20%
Saint-Médard-en-Jalles Belfort
0%
Le Haillan Berlincan
0%
Saint-Médard-en-Jalles Bords de Jalles
0%
Bordeaux Cage Verte
0%
Saint-Médard-en-Jalles Centre Commercial Saint-Médard
0%
Saint-Médard-en-Jalles Cimetière Balanguey
0%
Bordeaux Collège Saint-André
0%
Saint-Aubin de Médoc Croix Vieille
0%
Eysines Germaine Tillion
0%
Saint-Aubin de Médoc Germignan
0%
Eysines La Forêt
0%
Eysines Le Grand Louis
0%
Saint-Médard-en-Jalles Les Escarrets
0%
Le Haillan Mairie du Haillan
0%
Saint-Médard-en-Jalles Malterre
0%
Eysines Mermoz
0%
Saint-Médard-en-Jalles Montaigne
0%
Le Haillan Rue du Médoc
0%
Eysines Saint-Exupéry
0%
Saint-Médard-en-Jalles Village de Cerillan
0%
Saint-Médard-en-Jalles Village d'Issac
0%
Aucun quiz correspondant
Distribution des résultats
% des personnes avec chaque résultat
Percentile par nombre de réponses
Votre historique - résultats
Vous n’avez pas pris ce quiz